Cessioni più costose - Manchester City - Statistics

Statistiche generali
  • Questo quiz è stato fatto 28 volte
  • Il punteggio medio è 10 su 20
Statistiche sulle risposte
Costo (M €) A Nazione Anno Calciatore % Corretto
35 Arsenal Ucraina 2022 Oleksandr Zinchenko
92%
56,20 Chelsea Inghilterra 2022 Raheem Sterling
92%
37 Juventus Brasile 2019 Danilo
88%
55 Barcellona Spagna 2022 Ferran Torres
84%
52,20 Arsenal Brasile 2022 Gabriel Jesus
84%
13,50 Inter Montenegro 2017 Stevan Jovetić
84%
49 Bayern Monaco Germania 2020 Leroy Sané
72%
20 Milan Itala 2013 Mario Balotelli
64%
15 Benfica Argentina 2020 Nicolás Otamendi
60%
21 Milan Brasile 2010 Robinho
56%
18 Red Bull Lipsia Spagna 2021 Angeliño
52%
17 Real Madrid Spagna 2019 Brahim Diaz
40%
27,70 Leicester City Nigeria 2019 Kelechi Iheanacho
40%
16,80 Aston Villa Brasile 2019 Douglas Luiz
24%
28 Valencia Spagna 2015 Álvaro Negredo
16%
16,80 Zenti San Pietroburgo Spagna 2014 Javi Garcia
16%
13,50 Bayern Monaco Germania 2011 Jérôme Boateng
16%
14 Villarreal Turchia 2017 Enes Ünal
8%
13,75 Tottenham Croazia 2008 Vedran Corluka
8%
31,50 Chelsea Inghilterra 2005 Shaun Wright-Phillips
4%
Nessun quiz corrispondente trovato
Distribuzione punteggi
Percentuale di utenti per punteggio
Percentile per numero di risposta
I tuoi punteggi nel tempo
Non hai fatto questo quiz